Statistics for Guess the Taylor Swift song with no hints! #3

Click here to take the quiz!

General Stats

  • This quiz has been taken 315 times
    (306 since last reset)
  • The average score is 414 of 490

Answer Stats

Answer% Correct
I
100%
a
99%
The
99%
the
99%
You
99%
you
99%
an
98%
and
97%
me
97%
it
95%
to
95%
your
95%
in
94%
no
94%
Do
93%
do
93%
He
93%
is
93%
when
93%
where
93%
who
93%
on
92%
what
92%
go
91%
She
91%
she
91%
you're
91%
there
90%
There
90%
hear
89%
think
89%
was
89%
did
88%
i'm
88%
I'm
88%
its
88%
it's
88%
like
88%
not
88%
So
88%
so
88%
for
87%
him
87%
know
87%
than
87%
about
86%
all
86%
But
86%
but
86%
Ha
86%
say
86%
They
86%
her
85%
Now
85%
at
84%
could
84%
don't
84%
just
84%
of
84%
revenge
84%
she's
84%
She's
84%
That
84%
that
84%
wear
84%
better
83%
corner
82%
had
82%
stand
82%
from
81%
have
81%
nothing
81%
saint
81%
should
81%
with
81%
would
81%
actress
80%
are
80%
cause
80%
Cause
80%
never
80%
wanted
80%
right
79%
saw
79%
story
79%
summer
79%
thing
79%
faster
78%
Got
78%
hot
78%
took
78%
came
77%
stealing
77%
ever
77%
keep
77%
make
77%
sabotage
77%
starts
77%
stealing
77%
along
76%
flame
76%
friends
76%
get
76%
how
76%
mind
76%
won't
76%
applause
75%
coming
75%
little
75%
matches
75%
moth
75%
or
75%
Or
75%
other
75%
people
75%
playground
75%
Time
75%
up
75%
dealing
74%
over
74%
people's
74%
toys
74%
gonna
73%
holding
73%
lets
73%
Let's
73%
looks
73%
many
73%
things
73%
alone
72%
didn't
72%
drum
72%
last
72%
wanna
72%
always
71%
doing
71%
find
71%
isn't
71%
Soon
71%
trend
71%
underestimated
71%
eyes
70%
list
70%
beating
69%
down
69%
might
69%
name
69%
party
69%
thinks
69%
life
68%
much
68%
pain
68%
feel
67%
honey
67%
Woah
67%
woah
67%
amount
66%
dignity
66%
suspected
66%
vintage
66%
another
65%
dresses
65%
gives
65%
psycho
65%
rhyme
65%
roll
65%
some
65%
still
65%
troubling
65%
word
65%
school
64%
heard
63%
Prep
63%
present
63%
teach
63%
frown
62%
haven't
62%
Come
61%
pushing
60%
sophistication
60%
show
59%
nor
53%
deserve
47%

Score Distribution

Percentile by Number Answered

Percent of People with Each Score

Your Score History

You have not taken this quiz since the last reset